[Event "Olympiad-41"]
[Site "Tromsoe"]
[Date "2014.08.09"]
[Round "7.1"]
[White "Carlsen, Magnus"]
[Black "Naiditsch, Arkadij"]
[Result "0-1"]
[WhiteElo "2877"]
[BlackElo "2709"]
[Annotator "Roiz,Michael"]
[PlyCount "124"]
[EventDate "2014.08.02"]
[EventType "team-swiss"]
[EventRounds "11"]
[EventCountry "NOR"]
[SourceTitle "CBM 162"]
[Source "ChessBase"]
[SourceDate "2014.09.17"]
[SourceVersion "1"]
[SourceVersionDate "2014.09.17"]
[SourceQuality "1"]
[WhiteTeam "Norway"]
[BlackTeam "Germany"]
[WhiteTeamCountry "NOR"]
[BlackTeamCountry "GER"]

1. d4 Nf6 2. c4 e6 3. Nc3 Bb4 4. Nf3 c5 5. g3 O-O 6. Bg2 cxd4 7. Nxd4 d5 8. cxd5 Nxd5 9. Qb3 Nc6 ({In his preceding game Arkadiy went for a more popular order of moves:} 9... Qa5 10. Bd2 Nc6 11. Nxc6 ({A rare alternative here is} 11. Nc2 {but after} Bxc3 12. bxc3 Qc7 {Black has comfortable play:} 13. e4 (13. Qa3 Ne5 14. Bxd5 exd5 $15 {0-1 Beliavsky,A (2650)-Ivanchuk,V (2740)/Belgrade 1995/CBM 051/[Dautov] (29)}) 13... Nb6 14. O-O Na5 15. Qb4 Nbc4 $11 {½-½ Georgiev,V (2559)-Draskovic,L (2135)/Sunny Beach 2011/CBM 144 Extra (55)}) 11... bxc6 12. O-O Bxc3 13. bxc3 Ba6 14. Rfd1 Qc5 15. e4 Bc4 16. Qa4 Nb6 17. Qb4 Qh5 18. Re1 c5 19. Qa5 Rfc8 20. Be3 Be2 21. Bf4 Bd3 22. Rad1 Be2 23. Rc1 Bd3 24. Bd6 e5 25. Bxc5 Nc4 26. Qb5 a6 27. Qd7 Be2 $44 {½-½ Efimenko,Z (2689)-Naiditsch,A (2684)/Mukachevo 2010/CBM 138 (34)}) 10. Nxc6 bxc6 11. O-O Qa5 {Black is trying to switch to the main lines, but here White has an extra resource.} ({Some top players have gone for} 11... Rb8 $5 12. Na4 (12. Ne4 Ba6 13. Qc2 Be7 14. a3 Qb6 15. b4 Rfc8 $11 {1-0 Ponomariov,R (2705)-Kramnik,V (2785)/Moscow 2007/EXT 2008 (79)}) 12... Ba6 13. Qc2 Qa5 14. a3 Be7 15. Bf3 (15. b4 $5 Qb5 16. Re1 Qc4 17. Qxc4 Bxc4 18. Bd2 Bb3 19. Nc5 $14) 15... c5 16. Bd2 Qb5 17. Rfc1 Rfc8 $11 {½-½ Edouard,R (2692)-Wojtaszek,R (2724)/Saint-Quentin FRA 2014 (21)}) 12. Ne4 $5 {Magnus is happy to deviate from the known paths. Black has a weak c6, so he has to search for active piece play.} (12. Bd2 {will just transpose us to the above-mentioned game against Efimenko.}) 12... Ba6 13. Qc2 {Black's pieces are a bit far away from the king, so Arkadij has to parry a threat of 14.g5.} h6 {This prophylactic move is a bit slow.} ({However, in other cases White is able to fight some edge as well:} 13... Rab8 14. Ng5 $1 (14. a3 Be7 15. Bf3 c5 16. Bg5 Bxg5 17. Nxg5 Nf6 18. Ne4 Nxe4 19. Bxe4 g6 $11 {½-½ Miroshnichenko,E (2670)-Ismagambetov,A (2496)/Tashkent 2011/CBM 141 Extra (30)}) 14... g6 15. Ne4 Be7 16. Bh6 Rfd8 17. b3 $14) (13... Be7 14. Ng5 (14. Bd2 Qb5 15. Rfc1 Rab8 16. Qxc6 Qxc6 17. Rxc6 Bxe2 $11 {½-½ Sulava,N (2405)-Grosar,A (2370)/Kladovo 1991/TD (46)}) 14... g6 15. Ne4 Rfd8 16. Bh6 $14) 14. a3 Be7 15. b4 $146 {White comes up with an important tactical resource. This novelty definitely poses Black some problems.} (15. Bd2 Qb5 16. Rfc1 c5 17. Nxc5 (17. e3 $5) 17... Bxc5 18. Qxc5 Qxb2 $11 {½-½ Von Herman,U (2400)-Schulz,J (2255)/Germany 2003/CBM 100 ext (68)}) ({RR} 15. Bd2 Qb5 16. Rfc1 c5 17. Nxc5 Bxc5 18. Qxc5 Qxb2 19. Qa5 Bxe2 20. Rab1 Qd4 21. Bb4 Rfb8 22. Rc5 a6 23. Rbc1 Rb5 24. Rxb5 Bxb5 25. Bc5 Qb2 26. Qe1 Rd8 27. Qd1 Ba4 28. Rb1 Bxd1 29. Rxb2 Rc8 {Von Herman,U (2400)-Schulz,J (2255) Germany 2003 ½-½ (68)}) ({RR} 15. Bd2 Qb6 16. Rfc1 c5 17. Nxc5 Bxc5 18. Qxc5 Qxb2 19. Qc2 Qxc2 20. Rxc2 Rac8 21. Rxc8 Rxc8 22. e4 Rc2 23. Bxh6 gxh6 24. exd5 exd5 25. Bxd5 Rd2 26. Be4 Bc4 27. Kg2 a5 28. a4 Bd5 29. Re1 Bb3 {Donchenko,A (2667)-Svane,R (2616) Dortmund GER 2023 ½-½ (60)}) 15... Qb5 ({White's idea is based on the following line:} 15... Bxb4 16. axb4 $1 (16. Bxh6 Bc3 17. Rac1 gxh6 18. Nxc3 Qxc3 19. Qxc3 Nxc3 20. Rxc3 Bxe2 $11) 16... Qxa1 17. Bb2 Qa2 18. Nd2 $1 {[%csl Ra2][%cal Gf1a1]} Nxb4 19. Qc3 e5 20. Ra1 Qe6 21. Qxb4 Bxe2 22. Re1 $14 {and White should be better in this position, although it would be not easy to achieve a victory.}) 16. Re1 Qc4 ({An attempt to get rid of the c6 leads to a slighty inferior position:} 16... c5 17. bxc5 Rac8 18. Rb1 Qc6 19. Qd2 Bxc5 20. Nxc5 Qxc5 21. Bb2 $14) 17. Qb2 c5 (17... Rfd8 18. Bd2 Rab8 19. Rac1 Qb5 20. Qc2 $14) 18. Nxc5 {The most natural response. Magnus is ready to simplify the position in order to exchange the opponent's dark-squared bishop.} ({The alternative wasn't obvious:} 18. Qe5 $5 Qd4 (18... cxb4 19. Bb2 Nf6 20. Nd2 $16) 19. Qxd4 cxd4 20. Bb2 d3 21. exd3 Bxd3 22. Nc5 $14) 18... Bf6 {This move was probably connected with some tactical blunder.} ({Black could have opted for} 18... Bxc5 19. bxc5 Qxc5 20. Bd2 Rab8 21. Qe5 Qc2 22. Red1 Qb2 $14 {with a holdable endgame.}) 19. Qa2 Rac8 $6 {A serious mistake - now Black is going to lose a pawn without getting any compensation.} ({The point is that after} 19... Bxa1 $2 20. Qxa1 {[%csl Ra6,Rc4] Black's pieces are in trouble:} Rac8 21. Bb2 Rxc5 22. bxc5 f6 23. e4 Nc7 24. e5 f5 25. c6 $18) ({Black's task wasn't easy, but} 19... Nc3 $1 {was called for:} 20. Qxc4 Bxc4 21. Bxa8 (21. Bb2 Nxe2+ 22. Rxe2 Bxe2 23. Bxf6 gxf6 24. Re1 Bc4 25. Bxa8 Rxa8 $14) 21... Rxa8 {Black wins the material back and gets excellent drawish chances.} 22. e4 Ne2+ 23. Rxe2 Bxe2 24. Rb1 Rd8 $14) 20. e4 Nc3 21. Qxc4 Bxc4 22. e5 Be7 {Black has some activity, but White can prevent any reasonable counterplay now.} 23. Bd2 {This bishop is somewhat misplaced there.} (23. Be3 $5 {would be simpler:} Rfd8 24. Ne4 $16) 23... Ne2+ 24. Kh1 Nd4 25. Rac1 Bd5 (25... Bb5 26. Be3 Nf5 27. Nb7 Nxe3 28. fxe3 $16) 26. Bxd5 exd5 {The knight on d4 is quite tricky, so White should be careful.} 27. Nd7 $1 {Magnus correctly avoids the exchange of his knight.} ({In the following lines Black could get some compensation for a pawn:} 27. Kg2 Bxc5 28. Rxc5 Rxc5 29. bxc5 Nc2 30. Rd1 Rc8 31. Bb4 a5 32. Bxa5 Rxc5 $14) (27. Be3 Bxc5 28. bxc5 Nc6 29. Red1 Rfd8 30. f4 d4 31. Bf2 f6 32. exf6 gxf6 33. Kg2 Kf7 $14) 27... Rxc1 (27... Rfd8 28. Rxc8 Rxc8 29. Rc1 Rc4 30. Rxc4 dxc4 31. Kg2 Nb5 32. Bc1 $16) 28. Rxc1 Rd8 29. Nc5 {The first step in the wrong direction - there was no reason to come back.} (29. Rc7 $1 {did require precise calculating, but after} Nb3 (29... Nb5 30. Rb7 Nxa3 31. Rxa7 $16) 30. Be1 d4 31. Rxa7 d3 32. Kg2 d2 33. Bxd2 Nxd2 34. b5 Nb3 35. Rc7 Bxa3 36. b6 $16 {White's winning chances shouldn't be understimated.}) 29... Bxc5 30. Rxc5 (30. bxc5 Nc6 31. f4 Rb8 $44) 30... Nf3 $1 {Arkadij has managed to activate his forces, while the d-pawn may be dangerous.} (30... Nb3 31. Rc2 Re8 32. f4 f6 33. Rb2 Nxd2 34. Rxd2 fxe5 35. Rxd5 exf4 36. gxf4 $16) 31. Bc3 $2 {This natural move is a serious mistake - White spoils the advantage.} ({Carlsen's task wasn't easy, but after the correct} 31. Bf4 $1 g5 32. Kg2 Ne1+ 33. Kf1 Nf3 (33... Nd3 34. Rc3 Nxb4 35. Bxg5 hxg5 36. axb4 $16) 34. Bc1 d4 (34... Nxe5 35. Ke2 Nc4 36. f4 $16) 35. Ke2 Nxh2 36. Kd3 $16 {it was still possible to win this game.}) 31... g5 $1 $132 {After securing the f3 Black gets sufficient counterplay.} (31... d4 $2 32. Kg2 Ng5 33. Bd2 Ne4 34. Rc2 $16) 32. h3 h5 33. Kg2 g4 34. b5 Rd7 (34... d4 $5 35. Ba5 Rd7 36. hxg4 hxg4 37. Rc7 Rd5 $132) 35. Rc8+ Kh7 36. Ba5 d4 {The passed d-pawn is very strong, but White is still OK.} (36... Nxe5 $2 37. hxg4 hxg4 38. Rc7 $16) 37. hxg4 hxg4 38. e6 $2 {A very strange decision by the World Champion. White just gives the pawn back.} ({After} 38. Rc7 Rxc7 39. Bxc7 d3 40. Kf1 {Black would still have to find some precise moves in order to avoid a loss:} Nd4 $1 41. Ke1 Nxb5 42. Bd6 Kg6 43. Kd2 Kf5 44. Kxd3 Ke6 $1 45. Kc4 (45. Ke4 f5+ 46. Kf4 a6 $11) (45. Bf8 Kd5 $11) 45... Nxd6+ 46. exd6 Kxd6 47. Kd4 f5 48. a4 a5 $11) 38... fxe6 39. Rc7 Rxc7 40. Bxc7 d3 {Suddenly White is in a real danger.} 41. Kf1 Nd4 42. Ke1 Nxb5 {Black is a pawn up now!} 43. Bb8 (43. Bd8 e5 $1 44. a4 Nd4 45. Kd2 e4 $19) 43... Nxa3 44. Kd2 {The position looks very bad now for Magnus, but most probably a draw is still attainable at this moment.} a5 (44... Nb5 45. Kxd3 Kg6 46. Ke4 a5 47. Be5 a4 48. Kf4 Kh5 49. f3 gxf3 50. g4+ Kg6 (50... Kh4 51. Bf6+ Kh3 52. Kxf3 $11) 51. Kxf3 a3 52. Ke2 Na7 53. Kd3 Nc6 54. Bc3 e5 55. Kc4 Kg5 56. Bd2+ Kxg4 57. Kb3 $11) 45. Kxd3 Kg6 46. Ke4 $1 {White chooses the right route for his king!} ({After} 46. Bd6 $2 Nb5 47. Bf4 Kf5 $1 (47... a4 48. Kc4 e5 49. Bxe5 Kf5 50. Ba1 Nd6+ 51. Kb4 $11) 48. Kc4 Na7 49. Bc7 a4 50. Bb6 Nc8 $1 (50... Nc6 51. Kb5 Ne5 52. Kxa4 Ke4 53. Kb3 Kf3 54. Kc3 Ke2 55. Ba7 Nd3 56. Kd4 Nxf2 57. Ke5 Kf3 58. Kxe6 $11) 51. Bc5 Ke4 52. Kb4 Kd5 53. Be3 e5 54. Kxa4 Kc4 $19 {Black should win here quite easily.}) 46... a4 47. Be5 (47. f3 Nc4 48. Ba7 Nd6+ 49. Ke3 a3 50. fxg4 e5 $19) 47... Nc4 48. Bc3 a3 49. Kf4 Kh5 {Obviously, White's chances are connected only with exchanging the k-side pawns, but this time Magnus fails to find a correct version of that plan!} 50. f3 $2 (50. Ke4 $2 {was also bad:} Kg5 51. Ba1 a2 52. Kd3 Nd6 53. Bb2 Kf5 54. Ba1 Ne4 $19) ({But} 50. Bb4 $1 a2 51. Bc3 {could save the day:} Na5 (51... Nb6 52. Ba1 Nd7 53. f3 e5+ 54. Ke4 Kg5 55. fxg4 Kxg4 56. Kd5 Kxg3 57. Kc4 e4 58. Kb3 e3 59. Kxa2 e2 60. Bc3 Kf2 61. Kb3 Ne5 62. Kc2 $11) 52. f3 gxf3 53. Kxf3 Kg5 54. Ke4 Kg4 55. Ke5 Kxg3 56. Kxe6 Kf3 57. Kd5 Ke2 58. Kc5 Kd3 59. Kb4 Kc2 60. Bh8 Nc6+ 61. Ka3 Kb1 62. Bg7 $11) 50... e5+ 51. Ke4 Nd6+ $1 {That is the point! Black is not obliged to take on f3.} (51... gxf3 $2 52. Kxf3 Kg5 53. g4 Kf6 54. Ke2 Ke6 55. g5 Kf5 56. g6 Kxg6 57. Kd3 $11) 52. Ke3 Kg5 $19 {Now Black's king is back in the game, so 2 passed pawns will decide the game.} 53. fxg4 e4 (53... Kxg4 54. Kd3 e4+ 55. Kc2 e3 56. Kb3 e2 57. Be1 Nb5 $19) 54. Kd2 Nb5 55. Be5 Kxg4 56. Ke3 Kf5 57. Ba1 Nd6 {Protecting the pawn. White is completely helpless.} 58. Kd2 Kg4 59. Ke3 ({Or} 59. Kc3 e3 60. Kb3 Ne4 61. Kxa3 e2 $19) 59... a2 60. Bc3 (60. Kf2 Nc4 61. Bc3 e3+ 62. Kg2 Na3 63. Kf1 Kf3 64. g4 Nc2 $19) 60... Kxg3 61. Ba1 Kg4 62. Kd2 Kf3 0-1

[Event "FIDE World Cup"]
[Site "Khanty-Mansiysk"]
[Date "2007.11.29"]
[Round "2.3"]
[White "Carlsen, Magnus"]
[Black "Naiditsch, Arkadij"]
[Result "1-0"]
[WhiteElo "2714"]
[BlackElo "2639"]
[PlyCount "97"]
[EventDate "2007.11.24"]
[EventType "k.o."]
[EventRounds "7"]
[EventCountry "RUS"]
[SourceTitle "CBM 122"]
[Source "ChessBase"]
[SourceDate "2008.01.30"]
[SourceVersion "1"]
[SourceVersionDate "2008.01.30"]
[SourceQuality "1"]

1. d4 Nf6 2. c4 e6 3. Nc3 Bb4 4. Qc2 d5 5. a3 Bxc3+ 6. Qxc3 c5 7. dxc5 d4 8. Qg3 Nc6 9. b4 e5 10. e4 O-O 11. Bd3 b6 12. Nf3 Nh5 13. Qg5 Qxg5 14. Bxg5 bxc5 15. b5 Na5 16. Bd2 $146 ({RR} 16. Rb1 f6 17. Bd2 Nb7 18. h3 g5 19. Ke2 Nd6 20. g4 Ng7 21. a4 Bb7 22. h4 Nxe4 23. hxg5 Nc3+ 24. Bxc3 e4 25. Bxe4 Bxe4 26. Bd2 Rae8 {0-1 (26) Van Wely,L (2681)-Carlsen,M (2733) Nice 2008}) 16... Nb3 17. Rb1 Nxd2 18. Nxd2 a6 19. g3 axb5 20. cxb5 Rxa3 21. Ke2 Bb7 22. Rhc1 Rc8 23. Nc4 Ra2+ 24. Ke1 Rd8 25. Nxe5 Nf6 26. Bc4 d3 27. Nxd3 Raa8 28. f3 Nd7 29. Bb3 Rdc8 30. Rc3 Kf8 31. Rbc1 Ra3 32. Nb2 Nb6 33. Nc4 Nxc4 34. Bxc4 Rca8 35. Rxa3 Rxa3 36. Be2 f5 37. exf5 Bxf3 38. Bxf3 Rxf3 39. Rb1 Rd3 40. b6 Rd8 41. b7 Rb8 42. Kd2 Ke7 43. Kc3 Kd6 44. g4 h6 45. Kc4 Kc6 46. h4 Rxb7 47. Rxb7 Kxb7 48. g5 hxg5 49. hxg5 1-0

[Event "Chessable Masters Div 1 L"]
[Site "chess.com INT"]
[Date "2023.04.06"]
[Round "4.2"]
[White "Carlsen, M.."]
[Black "Nakamura, Hi"]
[Result "1/2-1/2"]
[WhiteElo "2853"]
[BlackElo "2775"]
[PlyCount "56"]
[EventDate "2023.04.04"]
[EventType "k.o."]

1. d4 Nf6 2. c4 e6 3. Nc3 Bb4 4. e3 O-O 5. Bd2 c5 6. a3 Bxc3 7. Bxc3 Ne4 8. Ne2 b6 9. d5 Re8 ({RR} 9... d6 10. dxe6 fxe6 11. f3 Nxc3 12. Nxc3 Bb7 13. h4 Qe7 14. Qc2 Nd7 15. O-O-O Rad8 16. Bd3 h6 17. Kb1 Ne5 18. Be2 d5 19. cxd5 exd5 20. f4 d4 21. exd4 cxd4 22. fxe5 dxc3 23. Qxc3 Bxg2 24. Rhg1 {Caruana,F (2776)-Aronian,L (2775) Saint Louis 2022 ½-½ (36)}) ({RR} 9... Ba6 10. b3 b5 11. Qc2 exd5 12. cxd5 Nxc3 13. Qxc3 d6 14. Ng3 Nd7 15. Be2 Nf6 16. Qd2 Re8 17. f3 Qb6 18. e4 Bc8 19. a4 Bd7 20. axb5 Bxb5 21. Bxb5 Qxb5 22. Nf5 Nxe4 23. fxe4 Rxe4+ 24. Kf2 {Nakamura,H (2794)-Praggnanandhaa,R (2747) Stavanger NOR 2024 1-0 (86)}) 10. h4 $146 ({RR} 10. Qd3 exd5 11. Qxd5 Nc6 12. Rd1 Bb7 13. Qxd7 Nd4 14. Rxd4 cxd4 15. Qxd8 Raxd8 16. Bxd4 Nc5 17. Kd2 Ne4+ 18. Ke1 Re7 19. b4 Ba6 20. f3 Nd6 21. c5 Nf5 22. Kf2 Bxe2 23. Bxe2 Nxd4 24. exd4 Rxd4 {Pipiras,F (2210)-Boyer,M (2454) Ceyreste FRA 2024 0-1 (58)}) ({RR} 10. g3 Bb7 11. Bg2 exd5 12. cxd5 d6 13. O-O Nd7 14. Bxe4 Rxe4 15. Nf4 Qe8 16. Qd2 a5 17. Rfe1 f5 18. f3 Re7 19. Ne6 Rxe6 20. dxe6 Qxe6 21. e4 fxe4 22. fxe4 b5 23. Rad1 Ra6 24. Qg5 Nf6 {Bluebaum,M (2660)-Svane,F (2671) Munich GER 2025 1-0 (33)}) 10... exd5 11. Qxd5 Nc6 12. Rd1 Qe7 13. h5 h6 14. Qd3 Bb7 15. Qxd7 Nd4 16. Rxd4 cxd4 17. Qxe7 Rxe7 18. Bxd4 Rc8 19. Nf4 Nd6 20. f3 Nxc4 21. Bxc4 Rxc4 22. Kf2 Rc2+ 23. Kg3 Rd7 24. a4 Rdc7 25. Ra1 Rd7 26. a5 bxa5 27. Rxa5 a6 28. Ra3 Rc8 1/2-1/2

[Event "Titled Tue 19th Nov Early"]
[Site "chess.com INT"]
[Date "2024.11.19"]
[Round "11"]
[White "Carlsen, M.."]
[Black "Nepomniachtchi, I.."]
[Result "1-0"]
[WhiteElo "2831"]
[BlackElo "2755"]
[PlyCount "105"]
[EventDate "2024.11.19"]

1. d4 Nf6 2. c4 e6 3. Nc3 Bb4 4. Nf3 O-O 5. e3 d5 6. Bd2 b6 7. cxd5 exd5 8. Rc1 Be7 9. Bd3 c5 10. Ne5 Bb7 11. O-O Nc6 12. Be1 ({RR} 12. Ne2 Rc8 13. Bc3 Ne4 14. Nxc6 Bxc6 15. Bxe4 dxe4 16. dxc5 Qxd1 17. Rfxd1 Bxc5 18. Nd4 Ba4 19. Re1 Bd7 20. h3 f6 21. Rcd1 Kf7 22. Nb3 Ba4 23. Rd2 Bxb3 24. axb3 Rfd8 25. Rxd8 Rxd8 26. Ra1 a5 {Vidit,S (2726)-So,W (2770) chess24.com INT 2021 ½-½ (41)}) ({RR} 12. a3 Bd6 13. f4 cxd4 14. Nxc6 Bxc6 15. exd4 Qd7 16. Qf3 Rfe8 17. Rfe1 h6 18. h3 b5 19. g4 b4 20. axb4 Bxb4 21. f5 Bxc3 22. bxc3 Bb5 23. Bc2 a5 24. Re5 a4 25. g5 hxg5 26. Bxg5 Ne4 {Piliposyan,R (2416)-Hovakimyan,V (2287) Yerevan ARM 2025 1-0 (44)}) 12... Rc8 13. Bf5 Ra8 14. f4 cxd4 $146 ({RR} 14... a6 15. Bh4 g6 16. Bd3 cxd4 17. Nxc6 Bxc6 18. exd4 b5 19. Re1 Qd6 20. Re5 Bd8 21. Bg5 b4 22. Ne2 Bb6 23. Qe1 Ng4 24. Qh4 f6 25. Qxg4 fxe5 26. fxe5 Bd7 27. Qg3 Qe6 28. Bf6 Rxf6 29. exf6 {Studer,N (2546)-Albornoz Cabrera,C (2566) Bad Ragaz 2020 1-0 (39)}) 15. Nb5 Nxe5 16. fxe5 Ne4 17. exd4 Bg5 18. Rc2 Ba6 19. a4 g6 20. Bxe4 dxe4 21. d5 Bxb5 22. axb5 Qe8 23. Qd4 Qxb5 24. Qxe4 Rad8 25. d6 Rfe8 26. Qf3 Rd7 27. Bc3 Rxe5 28. Bxe5 Qxe5 29. Rc6 Be3+ 30. Kh1 Bc5 31. Qf6 Qxf6 32. Rxf6 Kg7 33. Rc7 Kxf6 34. Rxd7 a5 35. Rb7 a4 36. g4 h6 37. Kg2 Bxd6 38. Rxb6 Ke7 39. Rb5 a3 40. b3 Kd7 41. Ra5 Kc6 42. Ra6+ Kd5 43. Kf3 f5 44. gxf5 gxf5 45. Ke3 h5 46. h3 Bc5+ 47. Kd3 f4 48. Ra5 Kd6 49. Kc4 f3 50. Rxc5 a2 51. Rd5+ Ke6 52. Rd1 Ke5 53. Kc3 1-0

[Event "Sinquefield Cup 9th+"]
[Site "Saint Louis"]
[Date "2022.09.04"]
[Round "3"]
[White "Carlsen, Magnus"]
[Black "Niemann, Hans Moke"]
[Result "0-1"]
[WhiteElo "2861"]
[BlackElo "2688"]
[PlyCount "113"]
[EventDate "2022.09.02"]
[EventType "tourn"]
[EventRounds "9"]
[EventCountry "USA"]
[EventCategory "21"]
[SourceTitle "EXT 2023"]
[Source "ChessBase"]
[SourceDate "2022.10.05"]
[SourceVersion "1"]
[SourceVersionDate "2022.10.05"]
[SourceQuality "1"]

{[%evp 0,55,24,27,27,18,18,18,17,-7,-7,-9,-1,0,-13,-16,-16,-8,-29,-14,-28,-18,18,23,15,-9,10,17,0,-7,-7,-15,-2,2,-6,-33,-48,-45,-32,-30,-35,-39,-36,-21,-8,-36,-40,-36,-41,-43,-41,-71,-64,-54,-37,-62,-45,-82]} 1. d4 Nf6 2. c4 e6 3. Nc3 Bb4 4. g3 O-O 5. Bg2 d5 6. a3 Bxc3+ 7. bxc3 dxc4 8. Nf3 c5 9. O-O cxd4 10. Qxd4 Nc6 11. Qxc4 e5 12. Bg5 h6 13. Rfd1 $146 ({RR} 13. Bh4 Qe7 14. Rab1 Bf5 15. Bxf6 Qxf6 16. Rb5 Rac8 17. Qh4 b6 18. Qxf6 gxf6 19. Nh4 Bg4 20. f3 Bd7 21. f4 Ne7 22. Rb3 Be6 23. Rb5 Rxc3 24. fxe5 Bd7 25. exf6 Bxb5 26. fxe7 Re8 27. Nf5 Bd7 {Kryvoruchko,Y (2650)-Kantor,G (2520) Ajka HUN 2024 0-1 (45)}) 13... Be6 14. Rxd8 Bxc4 15. Rxa8 Rxa8 16. Bxf6 gxf6 17. Kf1 Rd8 18. Ke1 Na5 19. Rd1 Rc8 20. Nd2 Be6 21. c4 Bxc4 22. Nxc4 Rxc4 23. Rd8+ Kg7 24. Bd5 Rc7 25. Ra8 a6 26. Rb8 f5 27. Re8 e4 28. g4 Rc5 29. Ba2 Nc4 30. a4 Nd6 31. Re7 fxg4 32. Rd7 e3 33. fxe3 Ne4 34. Kf1 Rc1+ 35. Kg2 Rc2 36. Bxf7 Rxe2+ 37. Kg1 Re1+ 38. Kg2 Re2+ 39. Kg1 Kf6 40. Bd5 Rd2 41. Rf7+ Kg6 42. Rd7 Ng5 43. Bf7+ Kf5 44. Rxd2 Nf3+ 45. Kg2 Nxd2 46. a5 Ke5 47. Kg3 Nf1+ 48. Kf2 Nxh2 49. e4 Kxe4 50. Be6 Kf4 51. Bc8 Nf3 52. Bxb7 Ne5 53. Bxa6 Nc6 54. Bb7 Nxa5 55. Bd5 h5 56. Bf7 h4 57. Bd5 0-1